000 01015nam a2200301 i 4500
001 190089
003 SpMaBN
005 20240105181841.0
008 200312s2016 sp a |||| | spa d
020 _a978-84-88909-99-2
080 _a618.83-007.1-084
100 1 _aGasparino, Alba.
_9170008
245 1 3 _aEl garabato de Winnicott en la pareja y el grupo /
_cAlba Gasparino y Paz M. Loné.
250 _a1ª ed.
260 _aMadrid :
_bPsimática,
_c2016.
300 _a348 p. :
_bil. ;
_c21 cm.
490 1 _aClínica
504 _aBibliografía: p. [337]-348.
600 1 4 _aWinnicott, D. W.
_9117095
650 1 4 _aDibujo infantil-
_xAspectos psicológicos.
_911873
650 0 4 _aNiños-
_xPsicoanálisis-
_xCasos clínicos.
_915553
650 0 4 _aPsicoanálisis.
_916530
700 1 _aMartínez Loné, Paz.
_9170009
830 0 _aClínica
_9193480
852 _aES-MaACL
_jA-14585
_919724
_bR.151883
_cDEPO1
_dOlim: N-7585
_hDonación: Editorial
942 _2udc
_cMONOGRAFIA
999 _c190089
_d190089